00471nam a2200169 a 4500001001300000003000900013005001700022008004100039020002300080082001700103100002200120245004800142260004200190300000900232500003500241650002500276nice12345678IN_TiNIC20260116014642.0080110s2005 newa grp 000 0 eng  a8179751201 c45000a954.055bSIN aSinha, Atul Kumar aDialogues Between Culturesb India and Iran aNew Delhi bAnamika Publishers c2005 a238p aincludes index and biblioraphy aIndo-Iranian Culture